000 00210 a2200097 4500
001 12196
100 _aAbid,Ali Abid
245 _aMain Kabi Ghazal na Kehta
260 _a
_bSang-e-Meel
_c
090 _c9410
_d9410
942 _aNUST-CAE
_cM
_c36279
999 _c247269
_d247269